| 000 | 00857nam a22002657a 4500 | ||
|---|---|---|---|
| 003 | dpl | ||
| 005 | 20180804121511.0 | ||
| 008 | 180804b xxu||||| |||| 00| 0 eng d | ||
| 010 | _aA-904524 | ||
| 020 |
_c00.00 _a0074631411 |
||
| 035 | _aA-904524, B-045522 | ||
| 037 | _bCen Lib/Ret | ||
| 040 |
_aDPL _bEN _c0 |
||
| 082 |
_a333.7923 _bGAR |
||
| 100 |
_aGarg, H. P. _922584 |
||
| 245 |
_aSolar energy : _cby H. P. Garg [and] J. Prakash _bfundamentals and applications / |
||
| 260 |
_aNew Delhi _bTata McGraw-Hill _c1997 |
||
| 270 |
_bNew Delhi _a4/12, Asaf Ali Road _e110002 |
||
| 300 |
_axvi,435p.: _c24cm(Hb) _bill. |
||
| 500 | _aIncludes bibliographical references and index | ||
| 650 |
_aSolar energy _914197 |
||
| 650 |
_aSolar energy--Research _922585 |
||
| 700 |
_aPrakash, J. _922586 |
||
| 942 |
_2ddc _cEN _h333.7923 _mGAR |
||
| 999 |
_c128167 _d128167 |
||